| 000 | 00773cam a22002651a 4500 | ||
|---|---|---|---|
| 001 | sa 66004358 | ||
| 003 | DLC | ||
| 005 | 20260227112241.0 | ||
| 008 | 841001s1965 ii a b 000 0 asmo | ||
| 010 | _asa 66004358 | ||
| 025 | _aPL480:I-As-197 | ||
| 035 | _a(OCoLC)11215269 | ||
| 040 |
_aDLC _cInU _dDLC |
||
| 042 | _apremarc | ||
| 043 | _aa-ii--- | ||
| 050 | 0 | 0 |
_aPK1560 _b.G6 |
| 100 | 1 |
_aGoswami, Praphulladatta, _d1919-1994. |
|
| 245 | 1 | 0 |
_aAsamīẏā jana-sāhitya / _cPraphulladatta Goswāmī. |
| 250 | _a3rd ed. | ||
| 260 |
_aGuwāhāṭī : _bLayārcha Buka Shṭala, _c1965. |
||
| 300 |
_a8, 189 p. : _bill. ; _c19 cm. |
||
| 500 | _aIn Assamese. | ||
| 504 | _aBibliography: pp. [183]-189. | ||
| 650 | 0 |
_aFolk literature, Assamese _xHistory and criticism. |
|
| 999 |
_c69354 _d69354 |
||